00429 a2200157 4500001000700000020000600007040001100013100002400024240002800048245002300076362000900099697003500108942000700143952010200150999001900252179620 a  cMagnum aAlbergaria, Lino de10aA mao do encantadolpor10aA mao do encantado0 a1899 aMAGNITO: IJ/AVENTURA, CRIANCAS cBK 00104070a32.5b32.5d2024-06-08l0oLI.01393pMAG00029427r2024-06-08 20:53:21w2024-06-08yBK c179620d179620